00746nam a2200181Ia 4500008004100000020001500041041001200056082001600068100001600084245004100100260003300141300000800174650001400182942000700196999001500203952017300218952017300391221030s9999 xx 000 0 und d a8185015805 aEnglish a105.23bMah aB. H. Mahan 0aUniversity Chemistrycby B. H. Mahan bNarosa Pub.aNew Delhic1998 a896 aChemistry cBK c2353d2353 pBE 1183g285.00l0o105.23 Mahr2024-06-13 00:00:00w2022-10-30yBK003Print4070aMIETLIBbMIETLIBcBL-Academic Block - C, FL-2, CUP-18, SH-5, R-5d2000-04-2610HBE pBE 1184g285.00l0o105.23 Mahr2024-06-13 00:00:00w2022-10-30yBK003Print4070aMIETLIBbMIETLIBcBL-Academic Block - C, FL-2, CUP-18, SH-5, R-5d2000-04-2610HBE